000 01813cam a22004574i 4500
003 PE-LiUPU
005 20250731172918.0
008 150617s r 000 0 d
035 _a(Sirsi) a18992
040 _aPE-LiUPU
_bspa
_cPE-LiUPU
_erda
049 _aPRUA
082 0 4 _a282.09
_221
_bH673
245 1 0 _aHistoria general de la iglesia en América Latina, V :
_bMéxico /
_cE. Dussel ... [et al.] ; Comisión de Estudios de Historia de la Iglesia en América Latina.
264 1 _aMéxico D. F. :
_bEdicones Pulinas,
_c1984.
300 _a508 páginas ;
_c24 cm
336 _atext
_2rdacontent
337 _aunmediated
_2rdamedia
338 _avolume
_2rdacarrier
490 0 _aEl peso de los días ;
_v15
504 _aIncluye bibliografía.
505 0 _aLa evangelización -- La organización de la iglesia -- La vida cotidiana de la cristiandad americana -- La iglesia en la emancipación -- La iglesia en la formación de los nuevos estados -- La reorganización de la iglesia ante el estado liberal -- El laicado y la cuestion social -- La iglesia desde el Concilio Vaticano II y Medellín.
526 _aSEG42
526 _aSEG41
526 _aSEG40
526 _aSEG39
526 _aP94
526 _aP87
526 _aP86
526 _aP85
526 _aP77
526 _aP76
526 _aP35
610 0 _9214
_aIglesia Católica
_xHistoria
_zMéxico
700 _9216
_aDussel Ambrosini, Enrique Domingo,
_d1934-
710 _9217
_aComisión de Estudios de Historia de la Iglesia en América Latina.
910 _ajck
942 _2ddc
_cBOOK
949 _a270.68 D98 5
_wDEWEY
_c1
_i28454
_lCCODEBUL1
_mBUL
_p00.00
_r0
_sY
_tBOOK
_u19890715
_xTEOLOGIA
_0COMPRA
_o.STAFF. Colección General
980 _81
_gALBERTO SANCHEZ Responsable de Automatización
999 _c18745
_d18745